Съчинения (Запис номер 35237)
[ съкратено ]
| 000 -Лидер | |
|---|---|
| Лидер | 01677nam a2200349 a 4500 |
| 003 - Код на организацията, давaща контролен номер | |
| Код на организацията, даваща контролен номер | BLK |
| 005 - Дата и час на последна редакция | |
| Дата и час на последна редакция | 20250225005543.0 |
| 008 - Елементи от данни с фиксирана дължина | |
| Елементи с фиксирана дължина | 180408b bul|||||r ||||||| ||bul|| |
| 040 ## - Източник на каталожния запис | |
| Код на библиотеката | BLK |
| 041 ## - Код за език | |
| Език | Български |
| Език за КДБФ | Български |
| 072 #7 - Код за тематичната категория | |
| Код организация | bullib |
| Код за тематична категория | А |
| Текст | Фонд Михаил Арнаудов |
| 080 ## - УДК | |
| УДК текст | Българска литература |
| УДК код | 821.163.2 |
| УДК – определител | -8 |
| УДК – код + определител | 821.163.2-8 |
| 100 ## - Редна дума - Автор | |
| Автор | Ботев, Христо |
| Години, свързани с автора | 1848 - 1876 |
| Пълна форма на името | Петков, Христо Ботев |
| R(LIN) | 364222 |
| 245 10 - Сведения за заглавието | |
| Заглавие | Съчинения |
| Подзаглавни данни | Стихотворения ; Политически статии ; Подлистници |
| Авторска отговорност | Христо Ботев; ред. Захарий Стоянов. |
| 257 ## - Страна на издаване | |
| Страна на създаване/издаване | България |
| 260 ## - Област на издателските данни | |
| Година на издаване | 1888 |
| Печатница | София : Бълг. нар. печ. |
| 9 (RLIN) | 393107 |
| Място на издаване | София |
| Име на издателя | б.и. |
| 300 ## - Физическа характеристика | |
| Брой страници | 222, ІІ с., 2 л. |
| Илюстрации | портр., факс. |
| Размер | 20 см |
| 380 ## - Жанр | |
| Жанр | Худож. лит. |
| 490 ## - СЕРИИ (Колекции) | |
| 9 (RLIN) | 396381 |
| Серия | Частна колекция - Академик Михаил Арнаудов |
| Бележки за серията | Дарение - Основен фонд |
| 500 ## - Общи забележки | |
| Обща забележка | В кн. авт. означен Христо Ботйов. - Подпис на Михаил Арнаудов ; Датиране на кн.: 20 ІІІ 1896. - Твърда подв. |
| 659 ## - Тематичен бюлетин | |
| Тематичен бюлетин | А |
| 700 ## - Други автори (авторска отговорност) | |
| Друг автор | Стоянов, Захарий |
| Друга информация | Стоянов, Захари |
| Дати, свързани с автора | 1850-1889 |
| Пълното име на др. автор | Джедев, Джендо Стоянов |
| Авт. отговорност на др. автор | ред. |
| 9 (RLIN) | 364101 |
| 852 ## - Местоположение | |
| Сигнатура (форматна) | Цб МА 514 |
| Отдел | Фонд "Михаил Арнаудов" |
| 856 4# - Електронен адрес и достъп | |
| Електронен формат | pdf - файл |
| 856 4# - Електронен адрес и достъп | |
| Електронен формат | pdf - файл |
| 942 ## - АРТИКУЛИ | |
| Вид на библиотечния документ | Книги |
| Скрит в OPAC | Не |
| Периодичен библиозапис | Да |
| Koha issues (borrowed), all copies | 1 |
| 944 ## - СЪЗДАВАНЕ И РЕДАКЦИЯ на ЗАПИСА | |
| Създаване/Редакция | Създаване |
| Дата на регистрацията/редакция | 09.01.2017 |
| Номер на служител | CRON CRON |
| Служител, извършил регистрацията/редакцията | |
| 944 ## - СЪЗДАВАНЕ И РЕДАКЦИЯ на ЗАПИСА | |
| Създаване/Редакция | Редакция |
| Дата на регистрацията/редакция | 09.01.2017 |
| Служител, извършил регистрацията/редакцията | Геновева_Генчева |
| 999 ## - СИСТЕМНИ КОНТРОЛНИ НОМЕРА | |
| Koha biblionumber | 35237 |
| Koha biblioitemnumber | 35237 |
| 999 ## - СИСТЕМНИ КОНТРОЛНИ НОМЕРА | |
| Koha biblioitemnumber | 35237 |
| 999 ## - СИСТЕМНИ КОНТРОЛНИ НОМЕРА | |
| Koha biblioitemnumber | 35237 |
| Код за отписване | Код за изгубен артикул | Източник на класификационната схема | Код за повреда | Коз за рестрикции | Код за отдаване | Артикулен № | Име на библиотеката - собственик | Име на библиотеката, в която се намира в момента | Статус (Текущо местоположение) | Дата на вписване в системата | Местоположение - отдел | Цена в лева | Инвентарен номер | Систематично азбучна сигнатура | Баркод | Номер на екземпляра | Цена в евро | Служебна бележка | Служебен тип на артикула |
|---|---|---|---|---|---|---|---|---|---|---|---|---|---|---|---|---|---|---|---|
| Не е изгубен | Universal Decimal Classification | Не е повреден | само за читалня | Специални фондове ( старопечатни, редки и ценни, фонд М. Арнаудов) | 55766 | Регионална библиотека "Любен Каравелов" Русе | Регионална библиотека "Любен Каравелов" Русе | Фонд "Михаил Арнаудов" | 1973-01-01 | Фонд "Михаил Арнаудов" | 8.00 | 587443 | МА 514 | 120000587443 | 1 | 4.09 | Дост: DA Вид: А N: стар фонд Дата: 01.01.1973 | Книги |